500 Most Popular Girls Names in the US (2021) - Statistics

General Stats
  • This quiz has been taken 3,830 times
  • The average score is 202 of 500
Answer Stats
Answer % Correct
235 A Ana
97%
273 A Alivia
95%
1 O Olivia
95%
2 E Emma
91%
84 A Anna
88%
411 A Allie
86%
421 E Elisa
86%
111 E Eliza
86%
21 E Emily
84%
146 I Isabel
84%
117 I Isabelle
84%
196 S Sara
83%
92 S Sarah
83%
458 S Sarai
83%
14 E Elizabeth
82%
3 C Charlotte
81%
4 A Amelia
79%
470 E Emelia
79%
40 E Emilia
79%
133 M Mary
79%
5 A Ava
78%
44 H Hannah
78%
325 C Catherine
77%
485 E Eve
77%
7 I Isabella
77%
370 I Izabella
77%
158 K Katherine
77%
218 L Lilly
77%
31 L Lily
77%
16 E Ella
76%
106 M Maria
76%
342 M Mariah
76%
391 L Laura
75%
18 S Sofia
75%
6 S Sophia
75%
24 C Chloe
74%
8 M Mia
74%
116 R Rose
74%
43 V Victoria
74%
176 K Khloe
73%
93 E Eva
72%
34 G Grace
72%
239 R Rachel
72%
478 A Ari
70%
114 J Julia
70%
46 L Leah
70%
307 L Lia
70%
442 A Alexa
69%
188 A Amy
69%
47 L Lucy
69%
42 Z Zoe
69%
38 Z Zoey
69%
481 J Jessica
68%
413 K Kate
68%
493 J Jennifer
67%
336 L Lauren
67%
22 A Aria
66%
435 A Ariah
66%
346 A Ariyah
66%
120 A Arya
66%
29 M Madison
66%
105 S Samantha
66%
76 S Sophie
66%
17 A Abigail
65%
9 E Evelyn
65%
320 E Evelynn
65%
265 J Jane
65%
64 A Alice
64%
30 E Ellie
64%
33 I Isla
64%
474 A Alison
62%
82 A Allison
62%
172 A Ashley
62%
81 C Caroline
62%
357 E Elle
62%
56 N Natalie
62%
23 P Penelope
62%
35 V Violet
62%
168 A Alexandra
61%
73 B Bella
61%
77 H Hailey
61%
27 N Nora
61%
160 N Norah
61%
304 R Rebecca
61%
491 A Angel
60%
230 A Annie
59%
475 A Amanda
58%
88 A Ariana
58%
145 A Arianna
58%
165 G Georgia
58%
10 H Harper
57%
125 M Margaret
57%
186 M Molly
57%
108 A Ayla
56%
59 C Claire
56%
134 D Daisy
56%
15 E Eleanor
56%
434 M Maia
56%
55 M Maya
56%
271 M Mya
56%
340 N Nicole
56%
39 W Willow
56%
163 E Ember
55%
440 H Helen
55%
51 L Lillian
55%
11 L Luna
55%
49 I Ivy
54%
220 K Kimberly
54%
381 M Madeleine
54%
95 M Madeline
54%
71 M Madelyn
54%
490 M Madelynn
54%
318 M Madilyn
54%
394 M Michelle
54%
45 A Addison
53%
274 A Annabelle
53%
487 A Averie
53%
19 A Avery
53%
102 C Clara
53%
225 D Diana
53%
91 J Jade
53%
182 O Olive
53%
37 R Riley
53%
97 R Rylee
53%
164 R Ryleigh
53%
389 R Rylie
53%
455 S Stephanie
53%
341 A Alexis
52%
272 C Charlee
52%
488 C Charleigh
52%
365 C Charli
52%
127 C Charlie
52%
443 D Danielle
52%
465 H Holly
52%
159 K Kylie
52%
242 L Laila
52%
25 L Layla
52%
214 L Leila
52%
372 M Melissa
52%
62 R Ruby
52%
192 T Taylor
52%
415 A Alicia
51%
393 F Frances
51%
278 G Gia
51%
170 J Jasmine
51%
26 M Mila
51%
232 M Myla
51%
101 V Vivian
51%
316 V Vivienne
51%
173 A Andrea
50%
60 A Audrey
50%
12 C Camila
50%
311 C Camilla
50%
343 G Gabriela
50%
83 G Gabriella
50%
229 H Hope
50%
226 K Kamila
50%
293 L Lena
50%
260 L Lola
50%
432 V Veronica
50%
234 A Angela
49%
259 B Brooke
49%
461 R Rosie
49%
200 A Alaina
48%
262 A Alayna
48%
233 A Alyssa
48%
87 C Cora
48%
257 E Elaina
48%
53 E Elena
48%
255 K Kayla
48%
174 M Millie
48%
189 R Ruth
48%
253 V Vanessa
48%
180 A Ada
47%
184 B Brianna
47%
169 F Faith
47%
448 G Gabrielle
47%
13 G Gianna
47%
107 I Iris
47%
72 J Josephine
47%
223 L Lila
47%
245 L Lilah
47%
110 L Lyla
47%
129 M Melanie
47%
450 S Scarlet
47%
20 S Scarlett
47%
41 S Stella
47%
190 A Aubree
46%
65 A Aubrey
46%
156 E Esther
46%
240 G Gracie
46%
175 J June
46%
123 M Mackenzie
46%
431 M Makenzie
46%
331 M Mckenzie
46%
54 N Naomi
46%
79 N Natalia
46%
327 N Nina
46%
264 D Daniela
45%
430 D Daniella
45%
295 J Juliet
45%
178 J Juliette
45%
484 M Mira
45%
247 P Phoebe
45%
294 E Evie
44%
296 F Fiona
44%
90 L Lydia
44%
213 Z Zara
44%
61 A Aaliyah
43%
208 A Aliyah
43%
298 A Angelina
43%
291 J Joanna
43%
139 K Kaylee
43%
422 K Kayleigh
43%
471 K Keira
43%
332 K Kiara
43%
384 K Kira
43%
203 S Selena
43%
141 S Summer
43%
153 V Valerie
43%
334 A Adriana
42%
222 A Ariel
42%
359 A Arielle
42%
36 A Aurora
42%
63 B Brooklyn
42%
314 B Brooklynn
42%
425 J Jordan
42%
209 J Jordyn
42%
210 J Juliana
42%
301 J Julianna
42%
355 M Makayla
42%
80 Q Quinn
42%
78 S Sadie
42%
251 W Wren
42%
66 A Autumn
41%
243 E Elise
41%
130 J Josie
41%
374 L Lana
41%
149 S Sienna
41%
352 A Alexandria
40%
58 D Delilah
40%
221 E Elsie
40%
28 H Hazel
40%
305 K Kendall
40%
285 M Maggie
40%
68 S Savannah
40%
289 A Adaline
39%
142 A Adalyn
39%
119 A Adalynn
39%
417 A Addilyn
39%
94 A Adeline
39%
246 A Adelyn
39%
347 A Adelynn
39%
300 P Paige
39%
228 V Vera
39%
337 C Cali
38%
177 C Callie
38%
281 C Camille
38%
283 K Kali
38%
401 P Poppy
38%
387 S Serena
38%
429 S Skye
38%
224 A Alana
37%
109 E Eloise
37%
376 E Everlee
37%
100 E Everleigh
37%
50 E Everly
37%
136 L Lucia
37%
205 M Morgan
37%
266 P Payton
37%
99 P Peyton
37%
162 B Bailey
36%
121 E Eden
36%
48 E Eliana
36%
360 E Elianna
36%
131 E Elliana
36%
152 F Freya
36%
191 G Gemma
36%
104 L Liliana
36%
371 L Lilliana
36%
113 M Melody
36%
420 P Paislee
36%
52 P Paisley
36%
437 C Carmen
35%
424 F Francesca
35%
70 K Kennedy
35%
86 N Nevaeh
35%
96 P Piper
35%
468 C Cameron
34%
383 C Camryn
34%
379 E Esme
34%
473 J Jacqueline
34%
462 K Kamryn
34%
416 L Lexi
34%
32 N Nova
34%
74 S Skylar
34%
249 S Sydney
34%
286 H Haven
33%
496 H Heaven
33%
407 J Joy
33%
276 L Lucille
33%
405 M Maisie
33%
194 M Margot
33%
280 R Raegan
33%
126 R Reagan
33%
353 W Willa
33%
263 A Adelaide
32%
132 C Cecilia
32%
492 E Edith
32%
219 L London
32%
206 L Londyn
32%
250 M Mariana
32%
321 O Ophelia
32%
69 V Valentina
32%
157 V Valeria
32%
398 D Destiny
31%
441 F Felicity
31%
306 H Harley
31%
115 P Parker
31%
185 R Rosalie
31%
181 A Anastasia
30%
195 A Arabella
30%
476 C Cassidy
30%
167 E Emerson
30%
148 E Emersyn
30%
395 H Heidi
30%
445 P Paris
30%
397 S Sabrina
30%
287 T Tessa
30%
135 A Alina
29%
171 A Ariella
29%
98 A Athena
29%
199 B Blake
29%
118 B Brielle
29%
460 N Nadia
29%
495 R Ryan
29%
288 D Daphne
28%
237 E Evangeline
28%
317 H Hallie
28%
292 J Jocelyn
28%
367 M Makenna
28%
319 M Mckenna
28%
261 M Miriam
28%
151 R River
28%
85 S Serenity
28%
303 T Talia
28%
144 A Amara
27%
161 A Amaya
27%
358 A Amiyah
27%
402 A Amora
27%
447 B Bianca
27%
369 D Danna
27%
89 E Emery
27%
477 E Emory
27%
112 H Hadley
27%
198 H Harmony
27%
480 J Jimena
27%
124 M Maeve
27%
467 S Sylvia
27%
137 X Ximena
27%
483 D Dorothy
26%
155 G Genevieve
26%
57 K Kinsley
26%
497 K Kyla
26%
408 L Liana
26%
439 M Maren
26%
466 M Matilda
26%
202 N Noelle
26%
147 R Reese
26%
368 R Rosemary
26%
241 R Rowan
26%
312 T Thea
26%
309 D Dahlia
25%
75 G Genesis
25%
356 G Gracelyn
25%
335 G Gracelynn
25%
399 G Gwendolyn
25%
138 J Juniper
25%
457 M Marlee
25%
215 M Marley
25%
277 T Trinity
25%
324 W Winter
25%
344 W Wynter
25%
463 K Kenzie
24%
375 M Mabel
24%
179 S Sage
24%
427 V Viviana
24%
217 A Amira
23%
328 B Briella
23%
362 B Brynn
23%
270 D Dakota
23%
310 L Logan
23%
256 M Malia
23%
122 R Remi
23%
143 S Sloane
23%
322 C Celeste
22%
238 H Harlow
22%
290 H Hayden
22%
67 L Leilani
22%
404 L Luciana
22%
254 T Teagan
22%
315 B Blair
21%
269 D Delaney
21%
482 E Elaine
21%
377 F Fatima
21%
459 H Hattie
21%
231 K Kaia
21%
212 P Presley
21%
349 R Reign
21%
345 A Amina
20%
418 A Anaya
20%
339 A Aniyah
20%
392 B Brinley
20%
187 B Brynlee
20%
453 E Esmeralda
20%
361 G Giselle
20%
299 L Leia
20%
330 N Noa
20%
380 R Raelyn
20%
103 R Raelynn
20%
409 R Raven
20%
363 A Ainsley
19%
154 B Blakely
19%
211 F Finley
19%
313 J Jayla
19%
227 N Nyla
19%
403 N Nylah
19%
494 R Raya
19%
396 R Rory
19%
201 A Aspen
18%
438 A Astrid
18%
166 C Catalina
18%
390 C Celine
18%
366 D Demi
18%
197 J Journee
18%
267 J Journey
18%
252 L Lainey
18%
444 L Lorelei
18%
486 O Oaklee
18%
193 O Oakley
18%
248 O Octavia
18%
426 R Regina
18%
207 Z Zuri
18%
128 A Alaia
17%
350 A Alaya
17%
323 A Alayah
17%
333 A Amari
17%
385 A Annalise
17%
308 P Phoenix
17%
216 S Sawyer
17%
400 A Alessandra
16%
268 L Lilith
16%
489 L Lyra
16%
279 T Tatum
16%
275 K Kailani
15%
338 K Kalani
15%
282 K Kaylani
15%
150 K Kehlani
15%
414 L Lyric
15%
204 O Oaklynn
15%
258 S Saylor
15%
436 A Alessia
14%
500 C Carter
14%
297 C Cataleya
14%
456 J Jolene
14%
378 L Leighton
14%
140 M Magnolia
14%
348 R Remington
14%
373 S Samara
14%
454 C Colette
13%
406 M Miracle
13%
410 S Shiloh
13%
183 A Alani
12%
423 A Azalea
12%
236 L Lennon
12%
419 M Malani
12%
302 M Milani
12%
386 S Selah
12%
284 S Stevie
12%
446 A Adelina
11%
354 A Avianna
11%
428 A Aylin
11%
451 B Bristol
11%
351 D Dream
11%
499 M Meadow
11%
472 B Braelynn
10%
412 D Daleyza
10%
382 N Nayeli
10%
329 P Palmer
10%
244 S Sutton
10%
498 W Wrenley
10%
469 A Armani
9%
326 C Collins
9%
388 R Royalty
9%
364 A Aitana
8%
464 A Alora
8%
479 H Haisley
8%
433 L Legacy
7%
452 N Navy
7%
449 J Jazlyn
3%
No matching quizzes found
Score Distribution
Percent of People with Each Score
Percentile by Number Answered
Your Score History
You have not taken this quiz